STN EN ISO 11290-2: 2001 (56 0101) [neplatná], Mikrobiológia potravín a krmív. Horizontálna metóda na dôkaz a stanovenie počtu baktérií Listeria monocytogenes Časť 2 Metóda stanovenia počtu (ISO 11290-2: 1998)

Norma je identická s EN ISO 11290-2 z roku 1998

Bibliographic Details
Main Author: Barták, Ľubomír (Author)
Corporate Author: Slovenská spoločnosť pre technickú normalizáciu (Translator)
Other Authors: Kaclíková, Eva (Translator)
Format: Book
Language:Slovak
English
PhysicalDescription:28 s. obr. 30 cm
Published: Bratislava Slovenský ústav technickej normalizácie 2001
Subjects:

MARC

LEADER 00000nam a2200000 a 4500
001 vtls008962248
003 SK-MaSNL
005 20260302005205.0
008 130117s2001 xo a f u 000 0 slo
015 |a SNBN2016 
020 |c (cen. skup. 12) 
040 |a SNK  |b slo  |c SNK  |e AACR2 
041 1 |a slo  |h eng 
044 |a xo  |c SK 
046 |a m  |m 20011201 (účin.)  |n 20180101 (zruš.) 
072 7 |a 664  |x Potravinársky priemysel  |2 konspekt 
072 7 |a 579  |x Mikrobiológia  |2 konspekt 
072 7 |a 636  |x Chov zvierat. Živočíšna výroba  |2 konspekt 
080 |a 579  |2 2001 
080 |a 579.67  |2 2001 
080 |a 663/ 664  |2 2001 
080 |a 636.085/.087  |2 2001 
080 |a 006.86  |2 2001 
080 |a (437.6)  |2 2001 
080 |a (4)  |2 2001 
080 |a (083)  |2 2001 
084 |a 07.100.30  |2 ICS 
130 0 |a STN 560101 (STN EN ISO 11290-2) [neplatná]  |9 646285 
245 1 0 |a STN EN ISO 11290-2: 2001 (56 0101) [neplatná], Mikrobiológia potravín a krmív. Horizontálna metóda na dôkaz a stanovenie počtu baktérií Listeria monocytogenes  |n Časť 2  |p Metóda stanovenia počtu (ISO 11290-2: 1998) 
246 1 0 |a Mikrobiológia potravín a krmív 
246 1 0 |a Horizontálna metóda na dôkaz a stanovenie počtu baktérií Listeria monocytogenes 
246 1 0 |a Metóda stanovenia počtu 
246 3 0 |a ISO 11290-2: 1998 
260 |a Bratislava  |b Slovenský ústav technickej normalizácie  |c 2001 
300 |a 28 s.  |b obr.  |c 30 cm 
500 |a Spracovateľ: Slovenská spoločnosť pre technickú normalizáciu Bratislava, Eva Kaclíková ; SUTN Bratislava, Ľubomír Barták 
500 |a Súbežný názov anglicky, nemecky a francúzsky 
500 |a Norma je nahradená anglickou verziou normy STN EN ISO 11290-2 z januára 2018, ktorú nahradila slovenská verzia normy STN EN ISO 11290-2 z júna 2019 v celom rozsahu 
504 |a Citované normy a súvisiace právne predpisy s. 2 
520 8 |a Norma je identická s EN ISO 11290-2 z roku 1998 
540 |a STN vydané na akomkoľvek nosiči sa môžu rozmnožovať a rozširovať iba so súhlasom určenej právnickej osoby  |b SÚTN Bratislava  |c zákon 264/1999 Z. z. 
650 0 7 |a mikrobiológia  |2 SNKPH  |9 3580 
650 0 7 |a potravinárska mikrobiológia  |2 SNKPH  |9 50746 
650 0 7 |a potravinárske výrobky  |2 SNKPH  |9 66612 
650 0 7 |a krmivá  |2 SNKPH  |9 2812 
650 0 7 |a technické normy a štandardy  |z Slovensko  |2 SNKPH  |9 79594 
650 0 7 |a technické normy a štandardy  |z krajiny Európskej únie  |2 SNKPH  |9 289341 
650 0 7 |a Microbiology  |2 SNKPHeng  |9 270714 
650 0 7 |a Food microbiology  |2 SNKPHeng  |9 337648 
650 0 7 |a Food products  |2 SNKPHeng  |9 268396 
650 0 7 |a Feeds  |2 SNKPHeng  |9 314590 
655 7 |a normy  |2 SNKPH  |9 70643 
700 1 |a Kaclíková, Eva  |4 trl  |9 314591 
700 1 |a Barták, Ľubomír  |4 aut  |9 312466 
710 2 |a Slovenský ústav technickej normalizácie (Bratislava, Slovensko).  |b Technická komisia č. 78 Poľnohospodárske produkty a potravinárske výrobky  |4 stn  |9 314593 
710 2 |a Slovenská spoločnosť pre technickú normalizáciu  |4 trl  |9 36642 
958 |a NB 
958 |a OP 
999 |c 998622  |d 1000552 
952 |a SNK  |b SNK  |y PREZ  |7 0  |p 17A0547360  |o snkSTN EN ISO 11290-2  |i snk2007/9651  |8 0  |0 0  |1 0  |4 0  |d 2007-04-10  |l 0  |r 2026-02-24 12:11:03  |w 2026-02-24 
952 |a SNK  |b SNK  |y PREZ  |7 0  |p 17A0547361  |o snkSTN EN ISO 11290-2 D1  |i snk2007/9652  |8 0  |0 0  |1 0  |4 0  |d 2007-04-10  |l 0  |r 2026-02-24 12:11:03  |w 2026-02-24